000 00396nam a22001457a 4500
020 _a9780128201091
040 _cNUST
082 _a004.22 PAT
100 _aPatterson, David A.
_984028
110 _a Hennessy, John L
_983772
245 _aComputer Organization and Design :
_bThe Hardware/Software Interface
250 _a6th
260 _aAmsterdam:
_bElsevier,
_c2021.
942 _2ddc
_cBK
999 _c586677
_d586677